Diccionario técnico: electrotecnia
| Autor kompanije: | |
|---|---|
| Format: | Knjiga |
| Jezik: | Spanish |
| Izdanje: | 2a. ed |
| Teme: |
MARC
| LEADER | 00000nam a22000007a 4500 | ||
|---|---|---|---|
| 003 | Ucuenca | ||
| 005 | 20230308225420.0 | ||
| 008 | 171013b1984 gw ||||| |||| 00| 0 spa d | ||
| 040 | |b spa | ||
| 041 | 1 | |a spa | |
| 082 | |a 621.303 | ||
| 110 | 1 | |9 211537 |a Editorial Científico-técnica, La Habana | |
| 245 | 0 | |a Diccionario técnico: electrotecnia |c Editorial científico-técnica |h imp | |
| 250 | |a 2a. ed |b inalterada | ||
| 264 | |a La Habana |b Científico-técnica |c 1984 | ||
| 300 | |a 334 páginas: |b gra |c 22 cm | ||
| 650 | 0 | |a Diccionario |9 8614 | |
| 942 | |c BK |z vanessa.morales@ucuenca.edu.ec | ||
| 999 | |c 152557 |d 152557 | ||